LEADER 03277oam 2200469 450 001 9910483355303321 005 20210416102019.0 010 $a981-15-7023-X 024 7 $a10.1007/978-981-15-7023-0 035 $a(CKB)4100000011508884 035 $a(DE-He213)978-981-15-7023-0 035 $a(MiAaPQ)EBC6380884 035 $a(PPN)269151265 035 $a(EXLCZ)994100000011508884 100 $a20210416d2021 uy 0 101 0 $aeng 135 $aurnn|008mamaa 181 $ctxt$2rdacontent 182 $cc$2rdamedia 183 $acr$2rdacarrier 200 00$aTransforaminal full-endoscopic lumbar surgery under the local anesthesia $estate of the art /$fKoichi Sairyo, editor 205 $a1st ed. 2021. 210 1$aSingapore :$cSpringer,$d[2021] 210 4$d©2021 215 $a1 online resource (X, 103 p. 63 illus., 53 illus. in color.) 311 $a981-15-7022-1 320 $aIncludes bibliographical references. 327 $aPart 1 Overview -- 1 History of transforaminal full-endoscopic lumbar surgery -- 2 Anatomy for full-endoscopic discectomy (FED) via transforaminal approach -- 3 Standard procedure of the transforaminal approach and how to perform local anesthesia (Inside-out method) -- 4 Complications -- Part 2 Discectomy -- 5 Inside out technique of the transforaminal full-endoscopic lumbar discectomy (TELD) -- 6 Outside-in direct fragmentectomy of the TELD after foraminoplasty -- 7 TELD for high school athletes -- 8 Transforaminal approach for L5-s level -- Part 3 Decompression for spinal canal stenosis -- 9 Full-endoscopic foraminoplasty for foraminal stenosis -- 10 Full-endoscopic lateral recess decompression -- Part 4 Thermal Annulplasty (Full-endo TA) -- 11 Indication and high intensity zone (HIZ) -- 12 Full-endoscopic Thermal Annuloplasty for athletes -- Part 5 Others -- 13 Full-endoscopic trans-Kambin?s triangle lumbar interbody fusion (Fullendo-KLIF) -- 14 Full-endoscopic debridement for infection. 330 $aThis book presents the latest devices and techniques in transforaminal full-endoscopic lumbar discectomy (TELD). This minimally invasive procedure can be used to treat various spinal conditions, such as herniated nucleus pulposus, discogenic pain, foraminal stenosis, lateral recess stenosis, and infection. The book offers an overview of TELD, and discusses discectomy, thermal annulplasty (TA) and other trending topics. It also explores the history and anatomy of transforaminal full-endoscopic lumbar surgery, complications, TELD techniques, and TELD and TA for athletes. As such the book provides a much-needed foundation for the further development of this increasingly widespread procedure. Transforaminal Full-Endoscopic Lumbar Surgery Under the Local Anesthesia is a valuable resource for orthopedic surgeons, clinical residents and medical students, alike. 606 $aLocal anesthesia 606 $aLumbar vertebrae 615 0$aLocal anesthesia. 615 0$aLumbar vertebrae. 676 $a617.966 702 $aSairyo$b Koichi 801 0$bMiAaPQ 801 1$bMiAaPQ 801 2$bUtOrBLW 906 $aBOOK 912 $a9910483355303321 996 $aTransforaminal full-endoscopic lumbar surgery under the local anesthesia$92848731 997 $aUNINA LEADER 01074nam a2200253 i 4500 001 991002385799707536 005 20020507163338.0 008 990805s1986 it ||| | ita 020 $a8813159412 035 $ab11649574-39ule_inst 035 $aLE02735747$9ExL 040 $aDip.to Studi Giuridici$bita 082 0 $a343.45093 110 2 $aCentro internazionale di studi giuridici$0227422 245 13$aIl trasporto pubblico e privato nella legislazione statuale e regionale :$bJesolo, 1-2-3 giugno 1984 :$batti del Convegno /$cC.I.D.I.S., Centro internazionale di studi giuridici 260 $a[Padova] :$bCEDAM,$cc1986 300 $avii, 344 p. ;$c24 cm. 650 4$aTrasporti$xLegislazione$xCongressi 907 $a.b11649574$b21-09-06$c02-07-02 912 $a991002385799707536 945 $aLE027 343 TPP01.01$g1$i2027000002139$lle027$o-$pE0.00$q-$rl$s- $t0$u1$v0$w1$x0$y.i11874387$z02-07-02 996 $aTrasporto pubblico e privato nella legislazione statuale e regionale$9890786 997 $aUNISALENTO 998 $ale027$b01-01-99$cm$da $e-$fita$git $h3$i1